[Event "Euro Online U2300 Day 1"]
[Site "chess.com INT"]
[Date "2020.05.25"]
[Round "5"]
[White "Kormos, Adam"]
[Black "Khojayan, Vardan"]
[Result "0-1"]
[WhiteElo "2279"]
[BlackElo "2266"]
[WhiteFideId "730483"]
[BlackFideId "13303520"]
[EventDate "2020.05.25"]

1. e4 e5 2. Nf3 Nc6 3. Bb5 g6 4. Nc3 Bg7 5. d3 Nge7 6. Bg5 h6 7. Bh4 g5 8. Bg3
Ng6 9. h4 g4 10. h5 gxf3 11. hxg6 fxg6 12. Qxf3 Nd4 13. Qg4 Qf6 14. Nd5 Qd6 15.
Bc4 c6 16. Nc7+ Ke7 17. Nxa8 Nxc2+ 18. Kd2 Nxa1 19. Rxa1 b5 20. Bb3 Bb7 21. Nc7
h5 22. Bh4+ Bf6 23. Qxg6 Bxh4 24. Qg7+ Kd8 25. Ne6+ dxe6 26. Qxh8+ Kc7 27. Qxh5
Be7 28. Rc1 c5 29. Ke2 Kb6 30. Qf7 Bc8 31. g4 Bg5 32. Rh1 c4 33. dxc4 Qd2+ 34.
Kf1 bxc4 35. Bxc4 Qc1+ 36. Kg2 Qxc4 37. Qf3 Bb7 38. Qb3+ Qxb3 39. axb3 Bxe4+ 40.
f3 Bd5 41. Rh5 Bf4 42. g5 e4 43. g6 exf3+ 44. Kf2 e5 45. g7 Bxb3 46. Rh8 e4 47.
g8=Q Bxg8 48. Rxg8 Be5 49. b3 Bd4+ 50. Ke1 e3 51. Rd8 Bc3+ 52. Kf1 e2+ 53. Kg1
e1=Q+ 0-1

[Event "Euro Online U2300 Day 1"]
[Site "chess.com INT"]
[Date "2020.05.25"]
[Round "5"]
[White "Eynullayev, Altay"]
[Black "Labiano Hernandez, Juan"]
[Result "0-1"]
[WhiteTitle "FM"]
[WhiteElo "2227"]
[BlackElo "2158"]
[WhiteFideId "13413562"]
[BlackFideId "24556840"]
[EventDate "2020.05.25"]

1. e4 e5 2. Nf3 Nf6 3. Nxe5 Nxe4 4. Qe2 Qe7 5. Qxe4 d6 6. d4 dxe5 7. Qxe5 Qxe5+
8. dxe5 Bf5 9. Bb5+ Nd7 10. Bxd7+ Kxd7 11. O-O Bxc2 12. Bf4 Bf5 13. Rd1+ Ke8 14.
Nc3 c6 15. Bg5 Be7 16. Bxe7 Kxe7 17. f3 Rad8 18. Kf2 Rhe8 19. Ke3 f6 20. Rxd8
Kxd8 21. Rd1+ Kc7 22. f4 fxe5 23. fxe5 Bg6 24. Kf4 Rf8+ 25. Kg3 Rf5 26. Re1 Kd7
27. Na4 b6 28. Rd1+ Ke7 29. Rd6 Be8 30. Nc3 Rxe5 31. Rd4 Bf7 32. Kf4 Re1 33. Ra4
a5 34. Rd4 Be6 35. a3 Rc1 36. Rd2 Rf1+ 37. Ke4 Re1+ 38. Kf4 Rf1+ 39. Ke5 Rf5+
40. Ke4 Rh5 41. h3 Rh4+ 42. Ke5 Rh5+ 43. Ke4 b5 44. Kf4 Rf5+ 45. Ke4 Rf8 46. Ke5
Rf5+ 47. Ke4 b4 48. axb4 axb4 49. Nd1 Rd5 50. Rd4 Rxd4+ 51. Kxd4 Kd6 52. Ne3 c5+
53. Ke4 g6 54. g3 Bxh3 55. Nc4+ Ke6 56. Na5 Bg2+ 57. Kf4 Bd5 58. Kg5 c4 59. Kf4
h6 60. Ke3 Ke5 0-1

[Event "Euro Online U2300 Day 1"]
[Site "chess.com INT"]
[Date "2020.05.25"]
[Round "5"]
[White "Rajkovic, Dusan"]
[Black "Martinkus, Rolandas"]
[Result "1/2-1/2"]
[WhiteTitle "GM"]
[BlackTitle "FM"]
[WhiteElo "2267"]
[BlackElo "2117"]
[WhiteFideId "900265"]
[BlackFideId "12800481"]
[EventDate "2020.05.25"]

1. d4 d6 2. c4 e5 3. Nc3 exd4 4. Qxd4 Nc6 5. Qd2 Nf6 6. b3 a5 7. g3 a4 8. Nxa4
Rxa4 9. bxa4 d5 10. a3 Bc5 11. e3 O-O 12. cxd5 Ne4 13. Qc2 Qxd5 14. Bc4 Qf5 15.
Bd3 Re8 16. f3 Nd4 17. exd4 Nxg3+ 18. Kd1 Qe6 19. Qxc5 Qe1+ 20. Kc2 Nxh1 21. Bb2
Qf2+ 22. Kc3 Qxh2 23. Rc1 Nf2 24. Bc4 Qg3 25. Kb3 Ne4 26. Qb4 Nd6 27. Ka2 Nxc4
28. Qxc4 c6 29. Ka1 Re1 30. Rxe1 Qxe1+ 31. Qc1 Qa5 32. Ne2 Qxa4 33. d5 Qb5 34.
Qe3 cxd5 35. Qd4 f6 36. Nc3 Qf1+ 37. Ka2 Qc4+ 38. Qxc4 dxc4 39. a4 Be6 40. Ka3
h5 41. Ne4 h4 42. Bd4 h3 43. Bg1 Bd5 44. Kb4 Kf7 45. Nf2 Bxf3 46. Nxh3 Bc6 47.
a5 g5 48. Kxc4 Kg6 49. Be3 g4 50. Nf4+ Kf5 51. Kd4 g3 52. Nd5 Bxd5 53. Kxd5 Kg4
54. Kc5 f5 55. Kb6 f4 56. Bd4 f3 57. Kxb7 f2 58. Bxf2 gxf2 59. a6 f1=Q 60. a7
Qa1 61. a8=Q Qxa8+ 62. Kxa8 1/2-1/2

[Event "Euro Online U2300 Day 1"]
[Site "chess.com INT"]
[Date "2020.05.25"]
[Round "5"]
[White "Shapiro, David"]
[Black "Pedersen, Henrik Dahl"]
[Result "1/2-1/2"]
[WhiteTitle "FM"]
[WhiteElo "2392"]
[BlackElo "2225"]
[WhiteFideId "24133523"]
[BlackFideId "1404199"]
[EventDate "2020.05.25"]

1. d4 Nf6 2. Nc3 d5 3. Bf4 c6 4. e3 Bf5 5. f3 e6 6. g4 Bg6 7. h4 h5 8. g5 Nfd7
9. Bd3 Bxd3 10. Qxd3 g6 11. e4 Bg7 12. exd5 exd5 13. O-O-O O-O 14. Bd6 Re8 15.
f4 Nb6 16. Be5 Nc4 17. b3 Nd6 18. Nge2 Nf5 19. Ng3 Nxg3 20. Qxg3 Nd7 21. Bxg7
Kxg7 22. f5 Qb8 23. Qf3 Qd6 24. Rhf1 Rf8 25. Ne2 a5 26. Ng3 a4 27. Kb1 axb3 28.
cxb3 Qa3 29. Rd2 Qb4 30. Rff2 Nb6 31. Nxh5+ gxh5 32. f6+ Kg8 33. Qxh5 Rfe8 34.
g6 Re1+ 35. Rd1 Rxd1+ 36. Qxd1 fxg6 37. f7+ Kf8 38. Qc1 Qxd4 39. Qh6+ Qg7 40.
Qf4 Nc8 41. Qb4+ Ne7 42. Qxb7 Rc8 43. Re2 Qf6 44. Rxe7 Qf5+ 45. Kb2 c5 46. Re8+
Rxe8 47. fxe8=Q+ Kxe8 48. Qc6+ Kf7 49. Qxc5 Qe4 50. a4 d4 51. a5 Qe2+ 52. Ka3 d3
53. Qd5+ Kg7 54. Qd7+ Kh6 55. Qd8 Kh7 56. Qd7+ Kh6 57. Qd8 Kh7 58. Qc7+ Kh6 59.
Qf4+ Kh7 60. Qc7+ Kh6 61. Qd8 1/2-1/2

[Event "Euro Online U2300 Day 1"]
[Site "chess.com INT"]
[Date "2020.05.25"]
[Round "5"]
[White "Stefan, Romulus-Cristian"]
[Black "Acikel, Mert"]
[Result "1-0"]
[WhiteTitle "CM"]
[WhiteElo "2151"]
[BlackElo "2149"]
[WhiteFideId "1232835"]
[BlackFideId "12956465"]
[EventDate "2020.05.25"]

1. d4 d5 2. c4 e6 3. Nc3 Nf6 4. cxd5 exd5 5. Bg5 Be7 6. e3 c6 7. Bd3 Nbd7 8.
Nge2 O-O 9. Qc2 Re8 10. O-O Nf8 11. f3 g6 12. Rad1 Ne6 13. Bh4 b5 14. Kh1 Bb7
15. Bf2 a6 16. e4 dxe4 17. fxe4 Ng4 18. Bg1 Bg5 19. e5 Ne3 20. Bxe3 Bxe3 21. Ne4
Bg5 22. Nd6 Re7 23. Be4 Qb6 24. Nxb7 Rxb7 25. Qxc6 Rab8 26. Qxb6 Rxb6 27. d5 Nc5
28. Bb1 Nd7 29. e6 fxe6 30. dxe6 Nc5 31. Nc3 Rxe6 32. a3 Kg7 33. Rd5 Be7 34. b4
Nb7 35. Rd7 Nd6 36. Nd5 Rb7 37. Rxb7 Nxb7 38. g3 Re5 39. Nf4 Nd6 40. Rd1 Nc4 41.
Bd3 Nxa3 42. Bf1 Bxb4 43. Nd3 Re4 44. Rc1 Bd6 45. Rc6 Be5 46. Rxa6 Nc4 47. Ra7+
Kh6 48. Rb7 Re3 49. Rxb5 Bd4 50. Kg2 Nd2 51. Nf4 Nxf1 52. Kxf1 Ra3 53. h4 Ra1+
54. Ke2 Ra3 55. g4 Ra2+ 56. Kd3 Bf2 57. g5+ Kg7 58. Rb7+ Kg8 59. h5 gxh5 60.
Nxh5 Ra5 61. Nf6+ Kf8 62. Ke4 Bh4 63. Nxh7+ Kg8 64. Kf4 Bxg5+ 65. Nxg5 Ra4+ 66.
Kf5 Ra5+ 67. Kf6 Ra6+ 68. Ne6 Ra1 69. Rg7+ Kh8 70. Rg4 Rf1+ 71. Nf4 Ra1 72. Ng6+
Kg8 73. Ne7+ 1-0

[Event "Euro Online U2300 Day 1"]
[Site "chess.com INT"]
[Date "2020.05.25"]
[Round "5"]
[White "Hechl, Gerald"]
[Black "Verbin, Valentina"]
[Result "1/2-1/2"]
[WhiteTitle "FM"]
[WhiteElo "2333"]
[BlackElo "1982"]
[WhiteFideId "1605674"]
[BlackFideId "13905910"]
[EventDate "2020.05.25"]

1. Nc3 d5 2. d4 Nf6 3. Bf4 c5 4. e3 a6 5. dxc5 Nc6 6. a3 e5 7. Bg5 d4 8. exd4
Nxd4 9. Ne4 Bf5 10. Bd3 Bxe4 11. Bxe4 Bxc5 12. c3 Ne6 13. Qxd8+ Rxd8 14. Bxf6
gxf6 15. b4 Bb6 16. Ne2 Rd7 17. Rd1 Rc7 18. O-O Ke7 19. g3 Ng5 20. Bg2 f5 21. h4
Ne6 22. Bh3 Kf6 23. Rd6 Ba7 24. Rfd1 Rg8 25. Kf1 Rgc8 26. Rd7 Bb8 27. Bg2 Nf8
28. Rxc7 Rxc7 29. Rd8 Nd7 30. Bd5 Ba7 31. c4 Nb6 32. c5 Nxd5 33. Rxd5 Ke6 34.
Rd6+ Ke7 35. Nc3 Bxc5 36. Rh6 Kf8 37. bxc5 Rxc5 38. Nd1 Rc1 39. Ke2 f4 40. gxf4
exf4 41. Rb6 Ra1 42. Rb3 b5 43. Nc3 Rh1 44. Nd5 Rxh4 45. Rf3 Rh6 46. Rxf4 Re6+
47. Kd3 h5 48. Rf5 Rh6 49. Nf4 h4 50. Nh3 Kg7 51. Kc3 Rc6+ 52. Kb3 Rc4 53. Rf4
Rxf4 54. Nxf4 a5 55. Kc3 Kf6 56. Kd4 Kf5 57. Ke3 b4 58. axb4 axb4 59. Kf3 b3 60.
Nd3 h3 61. Kg3 Ke4 62. Nb2 Kd4 63. Kxh3 Kc3 64. Na4+ Kb4 65. Nb2 Kc3 66. Na4+
Kb4 67. Nb2 Kc3 1/2-1/2

[Event "Euro Online U2300 Day 1"]
[Site "chess.com INT"]
[Date "2020.05.25"]
[Round "5"]
[White "Tymoshenko, Ihor"]
[Black "Mikadze, Miranda"]
[Result "1-0"]
[WhiteTitle "FM"]
[BlackTitle "WGM"]
[WhiteElo "2306"]
[BlackElo "2269"]
[WhiteFideId "14105519"]
[BlackFideId "13603108"]
[EventDate "2020.05.25"]

1. d4 d5 2. c4 c6 3. Nc3 Nf6 4. Nf3 dxc4 5. a4 e6 6. e4 Bb4 7. e5 Ne4 8. Qc2 Qa5
9. Bd2 Bxc3 10. bxc3 Nxd2 11. Nxd2 b5 12. Be2 O-O 13. O-O Qc7 14. Rfb1 Bd7 15.
Bf3 a5 16. axb5 Qc8 17. b6 Ra6 18. Nxc4 c5 19. Nd6 Qd8 20. dxc5 Bc6 21. Be2 Ra8
22. Qd2 Nd7 23. Qe3 f6 24. exf6 Rxf6 25. Rd1 Rg6 26. f3 Qe7 27. Bd3 Rg5 28. b7
Rf8 29. Ne4 Rg6 30. Rdb1 a4 31. Bb5 Bxe4 32. Bxd7 Bxb1 33. Bc8 Qc7 34. Rxb1 Qb8
35. c6 Rh6 36. c7 Qxc7 37. b8=Q Qc4 38. Qbe5 Qxc8 39. Q3d4 Qe8 40. Re1 Rg6 41.
Qde4 h6 42. Ra1 Qd8 43. Qe2 Qb6+ 44. Q5e3 Qc6 45. Qe4 Qc5+ 46. Q2e3 Qh5 47. Kh1
Rgf6 48. Rxa4 Qb5 49. Qe1 Kh8 50. Ra8 Qc5 51. Rxf8+ Rxf8 52. Qxe6 Qxc3 53. Qxc3
Rg8 54. Qce1 Rf8 55. Qe8 Rg8 56. Q1e6 Rxe8 57. Qxe8+ Kh7 58. h4 h5 59. Qe4+ Kh6
60. Kh2 g6 61. Kg3 Kg7 62. Kf4 Kf6 63. Qe5+ Kf7 64. Kg5 Kg8 65. Qc7 Kh8 66. Kxg6
Kg8 67. Qc8# 1-0

[Event "Euro Online U2300 Day 1"]
[Site "chess.com INT"]
[Date "2020.05.25"]
[Round "5"]
[White "Golubenko, Valentina"]
[Black "Xylogiannopoulos, Antonios"]
[Result "1/2-1/2"]
[WhiteTitle "WGM"]
[WhiteElo "2209"]
[BlackElo "2267"]
[WhiteFideId "4501993"]
[BlackFideId "4215133"]
[EventDate "2020.05.25"]

1. d4 e6 2. Nf3 f5 3. g3 Nf6 4. Bg2 Be7 5. O-O O-O 6. c4 d6 7. Nc3 Ne4 8. Qc2
Nxc3 9. bxc3 Nc6 10. Rd1 Qe8 11. d5 Na5 12. dxe6 Nxc4 13. Nd4 Qh5 14. Nb5 c6 15.
Nd4 d5 16. Bf4 Bd6 17. Bxd6 Nxd6 18. Qa4 Re8 19. Nxc6 Bxe6 20. Bxd5 Bxd5 21.
Rxd5 Ne4 22. Qb3 Kh8 23. Nd4 Rac8 24. Rxf5 Qg6 25. Rc1 Rcd8 26. Rd5 Qf7 27. Rxd8
Qxf2+ 28. Kh1 Rxd8 29. Qxb7 Nxc3 30. Qc7 Qxd4 31. Qxc3 Qd5+ 32. Qf3 Qxa2 33. Rc7
h6 34. Kg2 a5 35. Ra7 a4 36. Ra8 Rxa8 37. Qxa8+ Kh7 38. Qe4+ Kg8 39. Qa8+ Kf7
40. Qb7+ Kf6 41. Qc6+ Qe6 42. Qxa4 Qxe2+ 43. Kg1 h5 44. Qf4+ Kg6 45. Qh4 Kh6 46.
Qf4+ Kg6 47. Qd6+ Kh7 48. Qf4 g6 49. Qf7+ Kh6 50. Qf4+ Kg7 51. Qc7+ Kf6 52. Qd6+
Qe6 53. Qf4+ Kg7 54. Qd4+ Kh6 55. Qf4+ Kg7 56. Qd4+ Kh7 57. Qf4 Qd5 58. Qf6 Qd1+
59. Kg2 Qe2+ 60. Kg1 Qe3+ 61. Kg2 Qe2+ 62. Kg1 Qe1+ 63. Kg2 Qe2+ 1/2-1/2

[Event "Euro Online U2300 Day 1"]
[Site "chess.com INT"]
[Date "2020.05.25"]
[Round "5"]
[White "Revuckij, Vladimir"]
[Black "Kett, Tim"]
[Result "0-1"]
[WhiteTitle "IM"]
[BlackTitle "CM"]
[WhiteElo "2354"]
[BlackElo "2178"]
[WhiteFideId "14106167"]
[BlackFideId "1801210"]
[EventDate "2020.05.25"]

1. c4 e5 2. Nc3 Bb4 3. Nf3 d6 4. Nd5 Ba5 5. b4 Bb6 6. Nxb6 axb6 7. d3 Nf6 8. g3
O-O 9. Bg2 Nc6 10. b5 Nb8 11. O-O Nbd7 12. e4 Nc5 13. h3 Ne8 14. Nh4 g6 15. Kh2
Ng7 16. Bb2 Na4 17. Bc1 f5 18. d4 Nc3 19. Qd3 exd4 20. Qxd4 Ne2 21. Qe3 Nxc1 22.
Rfxc1 f4 23. Qd3 Be6 24. a4 Qg5 25. Nf3 Qc5 26. Nd4 Bd7 27. Rc2 Ne6 28. Nf3 Ng5
29. Nxg5 Qxg5 30. g4 f3 31. Bxf3 Qe5+ 32. Kg2 Qxa1 33. Qd5+ Kg7 34. Qxb7 Qf6 35.
e5 Qxf3+ 36. Qxf3 Rxf3 37. Kxf3 dxe5 38. c5 Rxa4 39. cxb6 cxb6 40. Rc7 Rd4 41.
Rb7 Kh6 42. Rxb6 Rb4 43. Rd6 Bxb5 44. h4 Rc4 45. Kg3 Rc3+ 46. Kg2 Bc6+ 47. Kh2
Bf3 48. g5+ Kh5 49. Rd7 Kxh4 50. Rxh7+ Kxg5 51. Re7 e4 52. Kg3 Bg4+ 53. Kh2 Bf5
54. Ra7 Kf4 55. Ra2 g5 56. Kg2 Bh3+ 57. Kh2 Bg4 58. Ra7 Bf3 59. Rf7+ Kg4 60. Rh7
Rc1 61. Rh4+ Kf5 62. Rf4+ Kxf4 0-1

[Event "Euro Online U2300 Day 1"]
[Site "chess.com INT"]
[Date "2020.05.25"]
[Round "5"]
[White "Timoshin, Andrei"]
[Black "Sahakyan, Arman K."]
[Result "0-1"]
[WhiteElo "2132"]
[BlackElo "1775"]
[WhiteFideId "4503503"]
[BlackFideId "13310992"]
[EventDate "2020.05.25"]

1. e4 c5 2. Nf3 a6 3. Nc3 b5 4. a3 Bb7 5. d4 cxd4 6. Nxd4 e6 7. Be2 Nc6 8. Be3
Nf6 9. O-O Be7 10. f4 d6 11. Bf3 Nxd4 12. Bxd4 O-O 13. Qe1 Qc7 14. Rd1 Rac8 15.
Qg3 Rfd8 16. Kh1 Ba8 17. Qf2 Nd7 18. f5 Bf6 19. fxe6 fxe6 20. Bg4 Re8 21. Qg3
Bxd4 22. Rxd4 Ne5 23. Qh3 Qe7 24. Rfd1 Nc4 25. Nd5 Bxd5 26. exd5 exd5 27. Qg3
Rc5 28. b4 Rc7 29. Bf3 Nb6 30. h3 Rxc2 31. Bxd5+ Nxd5 32. Rxd5 Qe3 33. Qxd6 Qxa3
34. Qd7 Rce2 35. Rf1 h6 36. Qf7+ Kh8 37. Rd7 Qg3 38. Qd5 Rb2 39. Rdf7 Qb8 40.
Qd4 Qe5 41. Rf8+ Kh7 42. Qd3+ Qe4 43. Qg3 Rxb4 44. R1f7 Qe1+ 45. Kh2 Qxg3+ 46.
Kxg3 Re3+ 47. Kf2 Rc3 48. Ra7 Rb2+ 49. Kg1 Rcc2 50. Rxa6 Rxg2+ 51. Kf1 Rh2 52.
Kg1 Rxh3 53. Rf7 Rg3+ 54. Kf1 Rc3 55. Kg1 b4 56. Rf1 b3 57. Ra7 Rg3+ 58. Kh1
Rgg2 59. Re1 Rbc2 60. Rb7 b2 61. Rb6 Rgd2 62. Rb7 Rc1 63. Rg1 Rxg1+ 64. Kxg1 Rc2 0-1

[Event "Euro Online U2300 Day 1"]
[Site "chess.com INT"]
[Date "2020.05.25"]
[Round "5"]
[White "Trokhymyshyn, Sergii"]
[Black "Tarasova, Viktoriya"]
[Result "1/2-1/2"]
[BlackTitle "WIM"]
[WhiteElo "2157"]
[BlackElo "2226"]
[WhiteFideId "14135604"]
[BlackFideId "4175840"]
[EventDate "2020.05.25"]

1. e4 c5 2. Nf3 d6 3. d4 cxd4 4. Qxd4 Nf6 5. Bg5 Nc6 6. Bb5 Bd7 7. Bxc6 Bxc6 8.
Nc3 e6 9. O-O-O Be7 10. Kb1 O-O 11. Rhe1 Qa5 12. Qd2 Qc7 13. Nd4 a6 14. f3 Rfc8
15. g4 b5 16. Nxc6 Qxc6 17. h4 a5 18. Ne2 b4 19. Ng3 a4 20. Re3 h6 21. Bf4 Nh7
22. Rd3 b3 23. cxb3 axb3 24. Rxb3 Bxh4 25. Rc3 Qa4 26. Rxc8+ Rxc8 27. Ne2 Bf6
28. Rc1 Rd8 29. Nc3 Qa6 30. Qe2 Qb6 31. Be3 Qb4 32. a3 Qb7 33. Qb5 Qe7 34. Bb6
Rb8 35. a4 Ng5 36. a5 Nxf3 37. Na4 Nd2+ 38. Ka2 Nxe4 39. Qc6 d5 40. a6 Qe8 41.
a7 Ra8 42. Qxe8+ Rxe8 43. Rc7 Be5 44. Rb7 f5 45. gxf5 exf5 46. Nc5 Nxc5 47. Bxc5
f4 48. Bd4 Bd6 49. Rxg7+ Kf8 50. Rd7 Ra8 51. Rxd6 Ke7 52. Rxh6 f3 53. Rh3 f2 54.
Bxf2 Kd6 55. Rh6+ Kc7 56. b4 Kb7 57. Kb3 Rc8 58. Bc5 Re8 59. Rh7+ Ka8 60. Kc3
Rg8 61. Kd4 Rg4+ 62. Kxd5 Rg5+ 63. Kc6 Rg6+ 64. Kb5 Rg8 65. Rc7 Rd8 66. Re7 Rc8
67. Re6 Rd8 68. Rd6 Rc8 69. Rc6 Rxc6 70. Kxc6 1/2-1/2

[Event "Euro Online U2300 Day 1"]
[Site "chess.com INT"]
[Date "2020.05.25"]
[Round "5"]
[White "Hrabinska, Myroslava"]
[Black "Sargissyan, Sargis"]
[Result "0-1"]
[WhiteTitle "WGM"]
[BlackTitle "FM"]
[WhiteElo "2235"]
[BlackElo "2269"]
[WhiteFideId "14109190"]
[BlackFideId "13303210"]
[EventDate "2020.05.25"]

1. e4 e5 2. Nf3 Nc6 3. d4 exd4 4. c3 d5 5. exd5 Qxd5 6. cxd4 Bg4 7. Be2 Bb4+ 8.
Nc3 Bxf3 9. Bxf3 Qc4 10. Qb3 Qxb3 11. axb3 Nge7 12. Be3 O-O 13. O-O Rfd8 14.
Rfd1 Nf5 15. Nb5 Nxe3 16. fxe3 Bd6 17. Bxc6 bxc6 18. Nxa7 c5 19. Nc6 Re8 20. b4
cxb4 21. Rxa8 Rxa8 22. e4 f6 23. e5 fxe5 24. dxe5 Bc5+ 25. Kf1 Kf7 26. Rd7+ Ke6
27. Rxc7 Rf8+ 28. Ke2 Rf2+ 29. Kd3 Rxg2 30. Kc4 Be3 31. Re7+ Kf5 32. Nxb4 Rxb2
33. Nd3 Rc2+ 34. Kd5 Rd2 35. Kc4 Rc2+ 36. Kd5 Re2 37. Rxg7 Rd2 38. Kc4 Rc2+ 39.
Kd5 Rd2 40. Rf7+ Kg6 41. Rf6+ Kg7 42. Ke4 Bg5 43. Ra6 Rxh2 44. Kf5 h6 45. Ra7+
Kf8 46. e6 Re2 47. Nc5 Rf2+ 48. Ke5 Re2+ 49. Kd5 Rd2+ 50. Kc6 Be3 51. Rf7+ Ke8
52. Nd7 Rc2+ 53. Kd6 Rd2+ 54. Ke5 Bd4+ 55. Ke4 Bb2 0-1

[Event "Euro Online U2300 Day 1"]
[Site "chess.com INT"]
[Date "2020.05.25"]
[Round "5"]
[White "Peycheva, Gergana"]
[Black "Hasanagic, Alim"]
[Result "0-1"]
[WhiteTitle "FM"]
[BlackTitle "CM"]
[WhiteElo "2255"]
[BlackElo "2225"]
[WhiteFideId "2916711"]
[BlackFideId "14605198"]
[EventDate "2020.05.25"]

1. d4 d6 2. e4 Nf6 3. Nc3 e5 4. Nf3 Nbd7 5. Bc4 Be7 6. O-O O-O 7. h3 c6 8. a4 h6
9. Be3 Re8 10. Re1 Qc7 11. Qd2 Nf8 12. Rad1 Be6 13. Bf1 Ng6 14. b3 a6 15. Bd3
Bf8 16. Ne2 b5 17. Qc3 Rec8 18. Ng3 Rab8 19. Qa1 c5 20. d5 Bd7 21. a5 c4 22. Bf1
cxb3 23. cxb3 Qc3 24. Qa2 Qc2 25. Rd2 Qxa2 26. Rxa2 Be7 27. Raa1 Bd8 28. b4 Ne7
29. Rec1 g6 30. Bxh6 Ne8 31. Bd2 f6 32. Bd3 Kf7 33. Rxc8 Rxc8 34. Rc1 Rxc1+ 35.
Bxc1 Ng7 36. Ne2 Bc7 37. Nc3 Bb8 38. Be3 f5 39. Ng5+ Kf6 40. h4 Nc8 41. f4 Nh5
42. fxe5+ dxe5 43. Bc5 Nd6 44. Bb6 Nf4 45. Bd8+ Kg7 46. Bc2 Nf7 47. Nxf7 Kxf7
48. g3 Nh5 49. Kf2 Bd6 50. Na2 f4 51. gxf4 Nxf4 52. Bb6 Be7 53. Bc5 Bxh4+ 54.
Kf3 g5 55. Nc1 g4+ 56. Ke3 g3 57. Ne2 g2 58. Kf3 Nxe2 59. Kxe2 Bg4+ 60. Kd3 Be1
61. Bg1 Bxb4 62. Bb3 Ke7 63. Ke3 Bc5+ 64. Kd2 Bxg1 65. Kc3 Bc5 66. Kc2 g1=Q 0-1

[Event "Euro Online U2300 Day 1"]
[Site "chess.com INT"]
[Date "2020.05.25"]
[Round "5"]
[White "Iljushina, Olga"]
[Black "Eynullayev, Atilla"]
[Result "1/2-1/2"]
[WhiteTitle "WGM"]
[WhiteElo "2132"]
[BlackElo "2347"]
[WhiteFideId "4152280"]
[BlackFideId "13413570"]
[EventDate "2020.05.25"]

1. d4 Nf6 2. c4 g6 3. Nc3 d5 4. Bg5 Ne4 5. Bh4 Nxc3 6. bxc3 dxc4 7. Qb1 Bg7 8.
e3 O-O 9. Bxc4 c5 10. Nf3 Nc6 11. O-O Qc7 12. Be2 Bf5 13. Qb5 b6 14. dxc5 Bd7
15. cxb6 axb6 16. Qb2 Be6 17. a4 Na5 18. Nd4 Bc4 19. Bf3 Bxf1 20. Bxa8 Rxa8 21.
Rxf1 e6 22. Rb1 Nc4 23. Qa2 Bf8 24. Nb5 Qc6 25. h3 Qc5 26. Bf6 e5 27. Bh4 Qc6
28. Bg3 Qc5 29. Rb4 Nxe3 30. fxe3 Qxe3+ 31. Kh2 Bxb4 32. cxb4 Rd8 33. Qf2 Qe4
34. Qe1 Qxe1 35. Bxe1 Ra8 36. a5 bxa5 37. bxa5 f5 38. Nc7 Ra7 39. Nb5 Ra6 40.
Nc7 Ra7 41. Ne6 Kf7 42. Nc5 Ke7 43. Bb4 Kd6 44. a6 Kc6 45. Ba3 Kb5 46. Kg3 g5
47. Kf3 h5 48. g3 g4+ 49. hxg4 hxg4+ 50. Ke3 Kc4 51. Ke2 f4 52. gxf4 exf4 53.
Kf2 f3 54. Kg3 Rf7 55. Ne4 Ra7 56. Kxg4 Rxa6 57. Bc1 Ra1 58. Be3 Kd3 59. Kxf3
Ra8 60. Bf4 Rf8 61. Nc5+ Kc4 62. Ne6 Rh8 63. Ng5 Kb3 64. Ne4 Ka2 65. Ke3 Kb3 66.
Nd2+ Ka4 67. Be5 Rh3+ 68. Kd4 Rh4+ 69. Ne4 Rxe4+ 70. Kxe4 1/2-1/2

[Event "Euro Online U2300 Day 1"]
[Site "chess.com INT"]
[Date "2020.05.25"]
[Round "5"]
[White "Gaboyan, Susanna"]
[Black "Aliyeva, Aygun"]
[Result "1-0"]
[WhiteTitle "WIM"]
[BlackTitle "WFM"]
[WhiteElo "2211"]
[BlackElo "2170"]
[WhiteFideId "13303627"]
[BlackFideId "13400754"]
[EventDate "2020.05.25"]

1. Nf3 e6 2. g3 Nf6 3. Bg2 d5 4. O-O Be7 5. d3 b6 6. Nbd2 Bb7 7. b3 c5 8. Bb2
Nbd7 9. Re1 Qc7 10. e4 d4 11. a4 e5 12. Nc4 a6 13. Nh4 g6 14. Bc1 b5 15. axb5
axb5 16. Rxa8+ Bxa8 17. Nd2 O-O 18. Ndf3 Nh5 19. Bh6 Re8 20. Ng5 Bf8 21. Nf5 f6
22. Bxf8 Nxf8 23. Nh3 Bc6 24. Nh6+ Kg7 25. Ng4 Bd7 26. Bf3 Kh8 27. Kg2 c4 28.
bxc4 bxc4 29. Nh6 Ng7 30. Bg4 Bxg4 31. Nxg4 Nd7 32. f4 h5 33. Ngf2 cxd3 34. cxd3
Rc8 35. Qb3 Qc3 36. Rb1 Qxb3 37. Rxb3 Rc2 38. Rb7 Nc5 39. Rc7 Nge6 40. Rc8+ Kg7
41. f5 gxf5 42. exf5 Ng5 43. Ng1 e4 44. h4 e3 45. hxg5 fxg5 46. Rxc5 Rxc5 47.
Ne4 Rc2+ 48. Kf1 g4 49. Ne2 Rd2 50. Nf4 Ra2 51. Ne6+ Kf7 52. Nxd4 Ra4 53. Nc2
Ra2 54. Nxe3 Ke7 55. Nd5+ Kf7 56. Nf4 Ra1+ 57. Kf2 Ra2+ 58. Ke3 h4 59. gxh4 g3
60. Nxg3 Kf6 61. Nd5+ Ke5 62. Nc3 Rg2 63. d4+ Kf6 64. Nce4+ Kf7 65. Kf4 Rh2 66.
h5 Rh4+ 67. Kg5 Rh2 68. d5 Rg2 69. d6 1-0

[Event "Euro Online U2300 Day 1"]
[Site "chess.com INT"]
[Date "2020.05.25"]
[Round "5"]
[White "Papadiamandis, Elliot"]
[Black "Hovsepyan, Vardan"]
[Result "1-0"]
[WhiteTitle "CM"]
[WhiteElo "2269"]
[BlackElo "2231"]
[WhiteFideId "36074160"]
[BlackFideId "13304291"]
[EventDate "2020.05.25"]

1. e4 e5 2. Nf3 Nc6 3. Bc4 Nf6 4. d3 Bc5 5. c3 a6 6. Nbd2 Ba7 7. Bb3 O-O 8. O-O
d6 9. h3 Ne7 10. Re1 Ng6 11. Nf1 Nh5 12. Bg5 Qe8 13. d4 Nhf4 14. Ne3 h6 15. Bxf4
Nxf4 16. Nd5 Nxd5 17. exd5 e4 18. Nd2 f5 19. f3 e3 20. f4 g5 21. Qf3 gxf4 22.
Qxf4 e2 23. Qxh6 f4 24. Qg5+ Kh8 25. Qh4+ Kg7 26. Qf2 Qg6 27. Kh2 Bg4 28. hxg4
Rh8+ 29. Kg1 Qh6 30. Qf3 Rae8 31. Ne4 c5 32. dxc6 bxc6 33. g5 Qh4 34. Nf6 Re3
35. Qg4 Qxg4 36. Nxg4 Rg3 37. Nh2 Re8 38. Nf3 c5 39. Kf2 cxd4 40. cxd4 Re4 41.
Rac1 Bb6 42. Rc6 Bxd4+ 43. Nxd4 Rxd4 44. Rxe2 Rxg5 45. Rxa6 Rd3 46. Ra7+ Kg6 47.
Re6+ Kh5 48. Rh7+ Kg4 49. Re2 d5 50. Bc2 Rd4 51. a4 Rb4 52. Bd1 Kf5 53. Rf7+ Kg6
54. Rf8 Kg7 55. Rd8 Rd4 56. Bc2 Rb4 57. Rd7+ Kf6 58. Rd6+ Kf7 59. a5 Rxb2 60. a6
Rb8 61. Rd7+ Kf6 62. a7 Ra8 63. Ba4 Rg7 64. Rxg7 Kxg7 65. Re7+ Kf6 66. Rc7 d4
67. Bc6 Rd8 68. a8=Q Rxa8 69. Bxa8 1-0

[Event "Euro Online U2300 Day 1"]
[Site "chess.com INT"]
[Date "2020.05.25"]
[Round "5"]
[White "Heinmets, Tonu"]
[Black "Ohanyan, Emin"]
[Result "1-0"]
[BlackTitle "FM"]
[WhiteElo "1886"]
[BlackElo "2291"]
[WhiteFideId "4500962"]
[BlackFideId "13312022"]
[EventDate "2020.05.25"]

1. Nf3 Nf6 2. g3 g6 3. Bg2 Bg7 4. O-O O-O 5. d3 c5 6. e4 d6 7. Nbd2 Nc6 8. c3
Rb8 9. a4 a6 10. Re1 b5 11. axb5 axb5 12. Nf1 Bd7 13. d4 Qb6 14. dxc5 Qxc5 15.
Be3 Qh5 16. Nd4 Qxd1 17. Rexd1 Ne5 18. f3 Nc4 19. b3 Nxe3 20. Nxe3 Ra8 21. Bf1
Rxa1 22. Rxa1 Rb8 23. Ra7 Kf8 24. b4 Rc8 25. Nxb5 Bh6 26. Nd1 Bd2 27. Nc7 Ne8
28. Nxe8 Kxe8 29. Ra3 Bc1 30. Ra2 Be6 31. Rc2 Ba3 32. Rd2 Bb3 33. Bb5+ Kd8 34.
Ba6 Rc7 35. c4 Bxd1 36. Rxd1 Bxb4 37. Kg2 Bc5 38. Rb1 Ra7 39. Bb5 Kc7 40. h4 f6
41. Kh3 h6 42. h5 gxh5 43. Kh4 Ra3 44. Rf1 Bd4 45. Kxh5 Be5 46. f4 Bd4 47. g4
Rg3 48. Rd1 Be3 49. Rf1 e5 50. fxe5 fxe5 51. Be8 Bg5 52. Bf7 Rh3+ 53. Kg6 Kb6
54. Rd1 Kc7 55. Ra1 Rb3 56. c5 Rb7 57. Bd5 dxc5 58. Bxb7 Kxb7 59. Kf5 Bf4 60.
Ke6 Kc6 61. Ra8 Bg3 62. Rc8+ Kb6 63. Kd5 Bf4 64. Rxc5 Kb7 65. Ke6 1-0